10 largest cities in Spain - Statistics

General Stats
  • This quiz has been taken 61 times
  • The average score is 8 of 10
Answer Stats
Population Answer % Correct
1.655.956 Barcelona
100%
3.340.176 Madrid
100%
804.121 Valencia
96%
684.164 Seville
91%
587.068 Malaga
89%
683.949 Zaragoza
73%
430.640 Palma de Mallorca
69%
350.598 Alicante
58%
467.501 Murcia
53%
380.863 Las Palmas
49%
No matching quizzes found
Score Distribution
Percent of People with Each Score
Percentile by Number Answered
Your Score History
You have not taken this quiz